000 00320nam a22001337a 4500
020 _qPB.
040 _cFIZZA ISHAQ
082 _a388
_bDAV
100 _aBANISTER, DAVID.
_9907
245 _aTRANSPORT SYSTEM AND TRANSPORT POLICY /
_cDAVID BANISTER.
260 _bELGAR,
_c2013.
300 _a399 P. ;
942 _2ddc
_cBK
999 _c589471
_d589471